Metody spoleczno-ekonomicznej oceny efektywnosci inwestycji komunikacji miejskiej

Guardado en:
Detalles Bibliográficos
Autor principal: Rozkwitalska, Cecylia
Formato: Libro
Lenguaje:polaco
Publicado: Warszawa Instytut ksztaltowania srodowiska 1982
Etiquetas: Agregar Etiqueta
Sin Etiquetas, Sea el primero en etiquetar este registro!

MARC

LEADER 00000nam a2200000 4500
001 c129262
005 20041019155245.8
041 0 |a pol 
044 |a PL 
245 1 0 |a Metody spoleczno-ekonomicznej oceny efektywnosci inwestycji komunikacji miejskiej  |c Cecylia Rozkwitalska 
264 1 |a Warszawa  |b Instytut ksztaltowania srodowiska  |c 1982 
300 |a 102 s. 
100 1 |a Rozkwitalska, Cecylia